| 000 | 00305nam a2200133 i 4500 | ||
|---|---|---|---|
| 001 | bg | ||
| 100 | 1 | _aMILN, P. | |
| 245 | 0 |
_aPodwodnye inżenernye issledowanija / _cP. Miln. |
|
| 260 |
_aLeningrad, _c1984. |
||
| 040 | _cBPK | ||
| 041 | _apol | ||
| 942 | _cKS | ||
| 008 | s pl f |000 0 pol | ||
| 999 |
_c28030 _d28030 |
||
| 856 |
_uhttp://koha.tu.koszalin.pl/cgi-bin/koha/opac-detail.pl?biblionumber=28030 _yKatalog online BPK |
||